| 000 | 00449nam a2200193Ia 4500 | ||
|---|---|---|---|
| 001 | 14337 | ||
| 003 | GE_BSU | ||
| 008 | 181216s||||||||xx |||||||||||||| ||und|| | ||
| 040 | _cGE_BSU | ||
| 080 | _a94(410) | ||
| 100 | _aMiddlemas,Keith | ||
| 245 | 4 | _aThe Life and Times of George VI. | |
| 260 | _aLondon | ||
| 260 | _bBook club Associates | ||
| 260 | _c1974 | ||
| 300 | _a223p.26cm. | ||
| 653 | _aThe Life and Times of George VI. | ||
| 942 | _cBK | ||
| 999 |
_c47473 _d47473 |
||